| 000 | 00930nam a22002175i 4500 | ||
|---|---|---|---|
| 001 | 178642 | ||
| 003 | ES-MaACL | ||
| 005 | 20250720013020.0 | ||
| 008 | 110609s1970 sp o |||| | spa d | ||
| 080 | _a611.013.9 | ||
| 100 | 1 |
_aSarrias Batista, Agustín. _9147062 |
|
| 245 | 1 | 0 |
_aContribución al estudio de la bursa omentalis en el embrión de mus rattus / _cresumen de la tesis presentada para aspirar al grado de doctor en medicina por Agustín Sarrias Batista. |
| 260 |
_aBarcelona : _bUniversidad de Barcelona, Secretariado de Publicaciones, Intercambio Científico y Extensión Universitaria : _bIvern, _c1970. |
||
| 300 |
_a17 p. : _bil. bl. y n. ; _c24 cm. |
||
| 500 | _aCub. tomada como port. | ||
| 504 | _aBibliografía: p. 13-14. | ||
| 650 | 0 | 7 |
_aEmbriología _2embne _9135971 |
| 710 | 2 |
_aUniversidad de Barcelona. _97141 |
|
| 852 |
_aES-MaACL _jE-15361 (48) _xOlim P-1374 |
||
| 999 |
_c178642 _d178642 |
||